Central Library OPAC University of Rajshahi

USSR in world war two : (Record no. 27613)

MARC details
000 -LEADER
fixed length control field 00598cam a22001932a 4500
001 - CONTROL NUMBER
control field 27613
003 - CONTROL NUMBER IDENTIFIER
rucl marc code BD-RjUL
005 - DATE AND TIME OF LATEST TRANSACTION
control field 20211209051158.0
008 - FIXED-LENGTH DATA ELEMENTS--GENERAL INFORMATION
fixed length control field 140325s1985 ru 000 0 eng
035 ## - SYSTEM CONTROL NUMBER
System control number (BD-RjUL)27692
040 ## - CATALOGING SOURCE
Original cataloging agency EUE
Transcribing agency EUE
Modifying agency BD-RjUL
Language of cataloging eng
041 1# - LANGUAGE CODE
Language code of text/sound track or separate title eng
Language code of original rus
082 ## - DEWEY DECIMAL CLASSIFICATION NUMBER
Classification number 947
Author mark and year YEU 1985
100 1# - MAIN ENTRY--PERSONAL NAME
Personal name Yeremeyev ,Leonid
9 (RLIN) 84813
245 10 - TITLE STATEMENT
Title USSR in world war two :
Remainder of title through the eyes of friends and foes /
Statement of responsibility, etc. Leonid Yeremeyev. [Translated from the Russian by Gulhammid Sobratee]
260 ## - PUBLICATION, DISTRIBUTION, ETC. (IMPRINT)
Place of publication, distribution, etc. Moscow :
Name of publisher, distributor, etc. Novosti,
Date of publication, distribution, etc. 1985
300 ## - PHYSICAL DESCRIPTION
Pagination 111p. :
Illustrations ill. ;
Size 16 cm.
942 ## - ADDED ENTRY ELEMENTS (KOHA)
Source of classification or shelving scheme Dewey Decimal Classification
Koha item type Books
Holdings
Lost status Source of classification or shelving scheme Damaged status Not for loan Collection code Permanent Location Current Location Shelving location Date acquired Source of acquisition Total Checkouts Full call number Date last seen Copy number Koha item type
  Dewey Decimal Classification   Added to bundle Non-fiction Central Library, University of Rajshahi Central Library, University of Rajshahi Reading Room 29/10/1990 shqwkat osman dhaka   947 YEU 1985 25/03/2014 C-1 Books